Nový systém riadenia pestovnej činnosti v lesníckej praxi Zborník prednášok. VŠLD Zvolen, 17.-18.11.1988

Saved in:
Bibliographic Details
Format: Book
Language:Slovak
Published: Žilina Dom techn. ČSVTS 1988
Edition:1. vyd.
Tags: Add Tag
No Tags, Be the first to tag this record!

MARC

LEADER 00000nam a2200000 4500
001 c031435
005 20221219091857.4
041 0 |a slo 
044 |a SK 
245 1 0 |a Nový systém riadenia pestovnej činnosti v lesníckej praxi  |b Zborník prednášok. VŠLD Zvolen, 17.-18.11.1988 
250 |a 1. vyd. 
264 1 |a Žilina  |b Dom techn. ČSVTS  |c 1988 
300 |a 68 s.